Modern genetics: (Record no. 2503)
[ view plain ]
| 000 -LEADER | |
|---|---|
| fixed length control field | 00425nam a22001337a 4500 |
| 050 ## - LIBRARY OF CONGRESS CALL NUMBER | |
| Classification Number | QH426 |
| Item Number | .P34 |
| 100 ## - MAIN ENTRY--Author | |
| Personal name | Papazian, Haig P. |
| 245 ## - TITLE | |
| Title | Modern genetics: |
| Remainder of title | the advancement of science / |
| Statement of responsibility, etc | [by] Haig P. Papazian |
| 260 ## - PUBLICATION, DISTRIBUTION, ETC.(IMPRINT) | |
| Place of publication, distribution, etc | London: |
| Name of publisher, distributor, etc | Weidenfeld and Nicolson, |
| Date of publication, distribution, etc | 1967. |
| 300 ## - PHYSICAL DESCRIPTION | |
| Extent | xx, 350p.: |
| 500 ## - GENERALNOTE | |
| General note | Includes table of contents, bibliography, glossary, appendixes and index. |
| 650 ## - SUBJECT--TOPIC | |
| Form subdivision | 1. Genetics. |
| 942 ## - ADDED ENTRY ELEMENTS(KOHA) | |
| Koha item type | General circulation |
| Source of classification or shelving scheme | Not for loan | Location (home branch) | Sublocation (holding branch) | Date accessioned | Cost, normal purchase price | Full call number | Barcode | Cost, replacement price | Koha item type |
|---|---|---|---|---|---|---|---|---|---|
| Library of Congress Classification | Main Campus Library | Main Campus Library | 01/09/2014 | 1000.00 | QH .P34 1967 | 2019/023017 | 1200.00 | General circulation |